000 00206nam a2200085Ia 4500
008 170620s9999 xx 000 0 und d
100 _aDhawan- M. L.
245 0 _aEducation Status in India
260 _bDelhi- Isha Books
260 _c2005
999 _c24176
_d24176